| 000 | 00404cam a2200169ua 4500 | ||
|---|---|---|---|
| 020 | _c7.00 | ||
| 041 |
_aeng _h |
||
| 082 |
_a540 _bTHO/PR |
||
| 100 | _aThomas, P M . | ||
| 245 |
_aPre degree chemistry / _cP M Thomas. _hTextual Documents |
||
| 260 |
_aMadras : _bNational publishing co. , _c1965. |
||
| 300 | _a435 ; . | ||
| 365 | _a7.00 | ||
| 504 | _a | ||
| 942 | _cBK | ||
| 999 |
_c10708 _d10708 |
||